01016nam a2200253 i 4500001000700000003000900007005001700016007000300033008004100036100004200077245013600119250001300255260003900268300004600307490005800353650002400411650003100435700003100466700002800497830006600525852003100591999001900622952012100641107879ES-MaACL20250902063102.0t|061121s1968 sp r ||||1| cat d1 aMounier, Emmanuel, d1905-195098387510aDe la propietat capitalista a la propietat humana / cEmmanuel Mounier ; próleg d'Alfonso C. Comin ; traducció Just M. Llorens. a1ª. ed. aBarcelona : bEdicions 62, c1968. a286 p., 1 lám : bretr. aut. ; c22 cm.1 aBiblioteca Bàsica de Cultura Contemporània ; v1404aCapitalismo.91076007aPersonalismo2embne9159751 aComín, Alfonso C.9400071 aLlorens, Just M.9728770 aBiblioteca Bàsica de Cultura Contemporània ; v149232917 aES-MaACLjG-4066 bR.65822 c107879d107879 00104070aATENEOMbATENEOMcDEPO2d2008-01-17eSCl0oG-4066p1112583r2023-02-23 00:00:00w2023-02-23yMONOGRAFIA